| 000 | 00686nam a2200241Ia 4500 | ||
|---|---|---|---|
| 003 | OSt | ||
| 005 | 20220926012546.0 | ||
| 006 | a|||||r|||| 00| 0 | ||
| 007 | ta | ||
| 008 | 220923b |||||||| |||| 00| 0 eng d | ||
| 037 | _cGeneral Book | ||
| 040 |
_aRTL _cRTL _beng |
||
| 041 |
_2eng _aeng |
||
| 082 | _aZ41.N60<--B, L3 | ||
| 100 |
_aChen Phillip M _9316891 |
||
| 245 | 0 |
_aLaw and justice _b The legal system in China 2400 B |
|
| 260 |
_aNew York _bDunellen _c1973 |
||
| 300 |
_ax, 234p _ccm. |
||
| 500 | _aBibliography: P 211-27 | ||
| 650 | _aGreat Britain Law | ||
| 942 |
_hZ41.N60<--B, L3 _cGB _2CC |
||
| 999 |
_c623542 _d623542 |
||